| 000 | 01374cam a2200205 4500 | ||
|---|---|---|---|
| 001 | L135997 | ||
| 008 | 070102n2006 000 0 eng u | ||
| 035 | _a(Sirsi) u135997 | ||
| 041 | 0 | _aeng | |
| 110 | 1 |
_aEngland and Wales _bEnvironment Agency _92469 |
|
| 245 | 0 | 0 |
_aGood farming, better environment _b the state of the farmed environment in England and Wales |
| 260 |
_aEnvironment Agency _c2006 |
||
| 505 | _aWater -- Air -- Land -- Flooding -- Climate change -- Waste -- Wildlife and habitats -- And overall? | ||
| 520 | _aProvides information about what is going on in the farmed environment, and outlines what we need to do to make further improvements. The report shows that there are some real success stories in the farmed environment, and good signs in the recovery of some species of farmland wildlife and the amount of greenhouse gases released by farming has been decreasing. While progress has been made there are many other issues where more needs to be done. These include diffuse water pollution, the decline of some farmland wildlife, managing the impacts of climate change and flood risk. | ||
| 590 | _aKA | ||
| 651 | 4 |
_aEngland and Wales _y1543- |
|
| 690 |
_aEnvironment _96238 |
||
| 856 | 4 | 0 |
_uhttps://publications.environment-agency.gov.uk/PDF/GEHO0406BKEP-E-E.pdf _zView the report free of charge at www.environment-agency.gov.uk... |
| 942 | _n0 | ||
| 999 |
_c106278 _d106278 |
||